=LDR 00000nam 2200000 4500 =001 INLIS000000000042115 =005 20131008014913 =008 ***********************************ind** =035 ##$$0010-101300000000037 =041 ##$$a ind =082 ##$$a 322.8 =090 ##$$a 322.8, Ahm p =100 ##$$a Ahmad Abu =245 ##$$a Pendidikan Agama Islam 4 SD =260 ##$$b 80 hlm =650 ##$$a Agama Islam =850 ##$$a NBPNMAT